000 01158nam a2200289 i 4500
001 153483
003 SpMaBN
005 20250728084434.0
008 190215s2011 sp b |||| | spa d
020 _a978-84-9752-031-7
080 _a910.4(100)"16"
100 1 _aSeyxas y Lovera, Francisco de.
_9166324
245 1 0 _aPiratas y contrabandistas de ambas Indias, y estado presente de ellas (1693) /
_cFrancisco de Seyxas y Lovera ; edición, anotación y estudio preliminar de Clayton McCarl.
260 _a[La Coruña] :
_bFundación Barrié,
_c[2011]
300 _aLVIII, 320 p. :
_bmapas col. ;
_c23 cm.
490 1 _aGalicia exterior
500 _aÍndice.
504 _aBibliografía: p. 269-298.
650 7 _aPiratería-
_vHistoria.
_9166325
700 1 _aMcCarl, Clayton.
_9166326
710 2 _aFundación Pedro Barrié de la Maza, Conde de Fenosa
_9176439
830 0 _aGalicia exterior
_9187775
852 _aES-MaACL
_jA-14340
_9159070
_bR.151659
_cDEPO1
_dOlim: N-7340
_hDonación: Fundación Barrié
914 _aFundación Pedro Barrié de la Maza, Conde de Fenosa
_ednr
_9176439
942 _2udc
_cMONOGRAFIA
999 _c153483
_d153483